000 00821njm a22002417a 4500
005 20100830140925.0
006 a|||||r|||||00| 0
007 mc ba akaadaaaac
008 100830t xxu||||| |||| 00| 0 eng d
028 _aN 24847
_bHis Master voice
035 _aGR 11
035 _aOJN 300
040 _aSED
_cSED
245 _aShanai Moru Bihag /
_cSing by Bismillah & Party
_h[sound recording] :
260 _aDum Dum India
_bHis Master voice
300 _a1 Sound disc [Gramophone Recording] :
_banalog 33 1/3 rpm
_c12 in
500 _aBrief record
505 _aShanai Moru Bhiag (Bismillah & Party) Shanai Lalit
650 _aClassical music
_zIndia
_917498
_xExcerpts
700 _aBismillah
_917499
942 _2ddc
_cGR
999 _c43132
_d43132